[Event "SK Königsspringer Iserlohn 1 - Brühler "]
[Site "NRW-Klasse. Gruppe 1 2017/201"]
[Date "2018.04.29"]
[Round "9.6"]
[White "Kind, Bertram"]
[Black "Haskelman, Evgen"]
[Result "1-0"]
[WhiteElo "2129"]
[BlackElo "2058"]
[PlyCount "161"]
[EventDate "2018.??.??"]
[WhiteTeam "SK Königsspringer Iserlohn 1"]
[BlackTeam "Brühler SK 1"]

1. e4 d5 2. e5 c5 3. f4 Nc6 4. Nf3 Bg4 5. Be2 e6 6. d3 Nge7 7. c3 Nf5 8. Ng5
Bxe2 9. Qxe2 h5 10. Na3 Be7 11. Nf3 Rb8 12. Nc2 b5 13. Ne3 Nxe3 14. Qxe3 g6 15.
O-O b4 16. Bd2 bxc3 17. bxc3 Rb2 18. Bc1 Rb7 19. h3 Qa5 20. c4 Nd4 21. Bd2
Nxf3+ 22. Rxf3 Qd8 23. cxd5 Qxd5 24. Bc3 c4 25. dxc4 Qxc4 26. Qd3 Qxd3 27. Rxd3
O-O 28. Rad1 Rc8 29. Kh2 Rc4 30. Bd4 Ra4 31. R1d2 Rd7 32. Be3 Rxd3 33. Rxd3 a6
34. Rd2 Kf8 35. Rc2 Ke8 36. Kg3 Kd7 37. Kf3 Ra3 38. Ke4 Bb4 39. Bb6 Bc3 40. Bc5
Ra4+ 41. Kf3 Ba5 42. Be3 Ra3 43. Ke4 Rc3 44. Rb2 Kc6 45. Rb8 Rc4+ 46. Kf3 Ra4
47. Rf8 Rxa2 48. Rxf7 Bb4 49. Rg7 a5 50. Rxg6 Kd5 51. Rg8 a4 52. Rd8+ Kc4 53.
g4 h4 54. f5 Rh2 55. f6 Rxh3+ 56. Ke4 Ba3 57. Rc8+ Kb3 58. f7 Rh1 59. g5 h3 60.
g6 h2 61. f8=Q Bxf8 62. Rxf8 Rg1 63. Rh8 Rxg6 64. Rxh2 a3 65. Rh8 a2 66. Rb8+
Kc2 67. Ra8 Kb1 68. Bd4 Rg3 69. Ra6 Rh3 70. Rb6+ Kc1 71. Ba1 Rh2 72. Kd4 Rh4+
73. Kc5 Ra4 74. Kd6 Kc2 75. Kxe6 Kd3 76. Kd6 Re4 77. Ra6 Re2 78. e6 Kc4 79. Kd7
Kb5 80. Rd6 Re1 81. e7 1-0

[Event "SK Königsspringer Iserlohn 1 - Brühler "]
[Site "NRW-Klasse. Gruppe 1 2017/201"]
[Date "2018.04.29"]
[Round "9.7"]
[White "Kolar, Dusan"]
[Black "Klauke, Stefan"]
[Result "1/2-1/2"]
[WhiteElo "1916"]
[BlackElo "2084"]
[PlyCount "80"]
[EventDate "2018.??.??"]
[WhiteTeam "Brühler SK 1"]
[BlackTeam "SK Königsspringer Iserlohn 1"]

1. d4 Nf6 2. Nf3 d5 3. Bf4 Nc6 4. e3 Bg4 5. Bd3 e6 6. O-O Bd6 7. Bg5 O-O 8. h3
Bh5 9. c3 h6 10. Bh4 g5 11. Bg3 Bxg3 12. fxg3 e5 13. g4 Bxg4 14. hxg4 e4 15.
Bxe4 Nxe4 16. Nbd2 Qe7 17. Qc2 Rae8 18. Rae1 Kg7 19. c4 Nxd2 20. Nxd2 Qe6 21.
cxd5 Qxd5 22. a3 Re7 23. Rf5 Qd7 24. Nf3 f6 25. d5 Ne5 26. Nxe5 Rxe5 27. Rxe5
fxe5 28. Qe4 Qd6 29. Rf1 Rxf1+ 30. Kxf1 c6 31. dxc6 bxc6 32. Ke2 Qd5 33. Qxd5
cxd5 34. Kd3 Kf6 35. b4 Ke6 36. a4 Kd6 37. Kc3 Kc6 38. Kd3 Kb6 39. Kc3 Kc6 40.
Kd3 Kb6 1/2-1/2

[Event "SK Königsspringer Iserlohn 1 - Brühler "]
[Site "NRW-Klasse. Gruppe 1 2017/201"]
[Date "2018.04.29"]
[Round "9.8"]
[White "Schwanbeck, Christoph"]
[Black "Kart, Boris"]
[Result "1-0"]
[WhiteElo "2045"]
[BlackElo "1850"]
[PlyCount "101"]
[EventDate "2018.??.??"]
[WhiteTeam "SK Königsspringer Iserlohn 1"]
[BlackTeam "Brühler SK 1"]

1. d4 Nf6 2. Nf3 e6 3. Bf4 b6 4. e3 Bb7 5. Bd3 Be7 6. h3 d6 7. Nbd2 Nbd7 8. O-O
O-O 9. Qe2 d5 10. Rac1 c5 11. c4 dxc4 12. Nxc4 Bxf3 13. Qxf3 cxd4 14. exd4 Nd5
15. Bg3 N7f6 16. Ne5 Bd6 17. Bh4 Rc8 18. Be4 Rxc1 19. Rxc1 Qb8 20. Bxd5 Bxe5
21. dxe5 Nxd5 22. Qe4 Rc8 23. Rd1 Qc7 24. Bg5 h6 25. Rc1 Qd7 26. Rxc8+ Qxc8 27.
Bd2 Qc5 28. Qa4 Qc7 29. Qe4 Qc6 30. Kh2 Ne7 31. Qxc6 Nxc6 32. f4 Kf8 33. Kg3
Ke7 34. Kf3 Kd7 35. Ke4 Ne7 36. Bb4 g6 37. g4 Nd5 38. Bf8 h5 39. gxh5 gxh5 40.
f5 Ne7 41. Bxe7 exf5+ 42. Kxf5 Kxe7 43. h4 a6 44. b3 b5 45. b4 Ke8 46. Kg5 Ke7
47. Kxh5 Ke6 48. Kg5 Kxe5 49. h5 f5 50. h6 f4 51. h7 1-0

[Event "SG Niederkassel 1 - SC Rochade Emsdette"]
[Site "NRW-Klasse. Gruppe 1 2017/201"]
[Date "2018.04.29"]
[Round "9.1"]
[White "Kabatianski, Alexander"]
[Black "Grimm, Sascha"]
[Result "1/2-1/2"]
[WhiteElo "2298"]
[BlackElo "2335"]
[PlyCount "71"]
[EventDate "2018.??.??"]
[WhiteTeam "SC Rochade Emsdetten 1"]
[BlackTeam "SG Niederkassel 1"]

1. Nf3 Nf6 2. c4 c5 3. d4 g6 4. Nc3 Bg7 5. e4 Qa5 6. Bd2 cxd4 7. Nxd4 Nc6 8.
Nc2 O-O 9. Be2 d6 10. O-O a6 11. Kh1 Rb8 12. Rc1 Bd7 13. b4 Qd8 14. a3 b5 15.
f3 Ne5 16. cxb5 axb5 17. Ne3 Bc6 18. Ncd5 Nxd5 19. exd5 Ba8 20. Bc3 Qb6 21. Bd4
Qb7 22. Qd2 Rfc8 23. Qb2 Rxc1 24. Rxc1 Bh6 25. Rd1 Rc8 26. g3 Bxe3 27. Bxe3 Nc4
28. Qb3 Nb6 29. Bxb6 Qxb6 30. Kg2 Bb7 31. Qd3 Rc4 32. Qd2 Rc7 33. h4 h5 34. Qd3
Rc4 35. Qd2 Rc7 36. Qd3 1/2-1/2

[Event "SG Niederkassel 1 - SC Rochade Emsdette"]
[Site "NRW-Klasse. Gruppe 1 2017/201"]
[Date "2018.04.29"]
[Round "9.2"]
[White "Wigger, Jochen"]
[Black "Hiller, Simon"]
[Result "1/2-1/2"]
[WhiteElo "2222"]
[BlackElo "2130"]
[PlyCount "66"]
[EventDate "2018.??.??"]
[WhiteTeam "SG Niederkassel 1"]
[BlackTeam "SC Rochade Emsdetten 1"]

1. d4 Nf6 2. Bg5 d5 3. Bxf6 gxf6 4. c4 c5 5. cxd5 Qxd5 6. Nf3 cxd4 7. Nc3 Qa5
8. Nxd4 Bd7 9. g3 e6 10. Bg2 Qa6 11. O-O Bg7 12. Qb3 Bc6 13. Ncb5 Qb6 14. Nd6+
Kd7 15. Nxb7 Bxg2 16. Kxg2 Qxb3 17. Nxb3 f5 18. Rfd1+ Ke7 19. Rd2 Rc8 20. Rad1
Rc7 21. N3c5 a5 22. b3 Ra7 23. Rd8 Raxb7 24. Nxb7 Rxb7 25. Rc8 Nd7 26. Rdc1 Be5
27. Ra8 Bc7 28. h3 Nf6 29. Rc2 Nd5 30. Rh8 Nf6 31. Ra8 Nd5 32. Rh8 Nf6 33. Ra8
Nd5 1/2-1/2

[Event "SG Niederkassel 1 - SC Rochade Emsdette"]
[Site "NRW-Klasse. Gruppe 1 2017/201"]
[Date "2018.04.29"]
[Round "9.3"]
[White "De Groote, Ewoud"]
[Black "Schienmann, Bruno"]
[Result "1/2-1/2"]
[WhiteElo "2273"]
[BlackElo "2228"]
[Annotator "Daniel"]
[PlyCount "109"]
[EventDate "2018.??.??"]
[WhiteTeam "SC Rochade Emsdetten 1"]
[BlackTeam "SG Niederkassel 1"]

1. e4 e6 2. d4 d5 3. Nd2 c5 4. Ngf3 Nc6 5. exd5 exd5 6. Bb5 Bd6 7. dxc5 Bxc5 8.
O-O Nge7 9. Nb3 Bd6 10. Bg5 O-O 11. Nbd4 Nxd4 12. Qxd4 f6 13. Bf4 Be6 14. Rfe1
Bf7 15. Ba4 Nc6 16. Qd2 Bc5 $11 17. Bxc6 bxc6 18. b4 Bb6 19. Be3 Qd6 20. Qc3
Rfe8 21. Bc5 Qd7 22. Nd4 Bc7 23. Rxe8+ Bxe8 24. Nb3 Bg6 25. Re1 Be5 26. Bd4 Bd6
27. a3 Rc8 28. Qd2 Qc7 29. g3 Qd7 30. Bc5 Bb8 31. Nd4 Re8 32. f3 Be5 33. c3 h5
34. Ne2 Bb8 35. Kg2 h4 36. Bf2 h3+ 37. Kg1 Qf5 38. Nd4 Rxe1+ 39. Qxe1 Qd7 40.
Qe6+ Qxe6 41. Nxe6 Bf5 42. Nd4 Bd7 43. Nb3 Kf7 44. Kf1 Ke7 45. Bc5+ Ke8 46. Kf2
g5 47. Be3 Kf7 48. f4 Kg6 49. Nd4 a6 50. fxg5 fxg5 51. Nf3 g4 52. Nd4 Be5 53.
Bf4 Bxd4+ 54. cxd4 Bf5 55. Ke3 1/2-1/2

[Event "SG Niederkassel 1 - SC Rochade Emsdette"]
[Site "NRW-Klasse. Gruppe 1 2017/201"]
[Date "2018.04.29"]
[Round "9.4"]
[White "Stanetzek, Carsten"]
[Black "Lehmann, Holger"]
[Result "1/2-1/2"]
[WhiteElo "2135"]
[BlackElo "2133"]
[PlyCount "175"]
[EventDate "2018.??.??"]
[WhiteTeam "SG Niederkassel 1"]
[BlackTeam "SC Rochade Emsdetten 1"]

1. e4 c5 2. Nf3 d6 3. Bb5+ Nd7 4. O-O Ngf6 5. Re1 a6 6. Bf1 b5 7. a4 b4 8. d4
cxd4 9. Nxd4 Bb7 10. c3 g6 11. cxb4 Nxe4 12. b5 Nef6 13. Nc3 e6 14. b4 Bg7 15.
bxa6 Bxa6 16. Bxa6 Rxa6 17. b5 Ra8 18. Ba3 Ne5 19. Qb3 O-O 20. Rad1 Qb6 21. Bb4
Rfc8 22. Nxe6 fxe6 23. Rxd6 Qc7 24. Rxe5 Ng4 25. Qxe6+ Qf7 26. Qxf7+ Kxf7 27.
Rd7+ Kg8 28. Ree7 Bf6 29. Rxh7 Rxa4 30. g3 Rxb4 31. Nd5 Rb1+ 32. Kg2 Rf8 33. h3
Ne5 34. Rb7 Rb2 35. g4 Rxf2+ 36. Kg3 Rf3+ 37. Kg2 Rf2+ 38. Kg3 Rf3+ 39. Kg2 Rd3
40. Nf4 Rd2+ 41. Kg3 Nf7 42. Nxg6 Rd3+ 43. Kf4 Ng5 44. Rh8+ Bxh8+ 45. Nxf8
Nxh3+ 46. Ke4 Nf2+ 47. Kf4 Kxf8 48. Rb8+ Kg7 49. Rb7+ Kg6 50. Rb6+ Bf6 51. g5
Rd4+ 52. Kf3 Kxg5 53. Kxf2 Rb4 54. Ke2 Rb3 55. Kd2 Kf5 56. Kc2 Rb4 57. Kd3 Ke5
58. Kc3 Be7 59. Rb7 Bc5 60. Rb8 Kd6 61. Rb7 Kd5 62. Rd7+ Ke6 63. Rb7 Rh4 64.
Rb8 Kd5 65. Rg8 Rh3+ 66. Kc2 Bb6 67. Rc8 Bc5 68. Rc7 Rh4 69. Kc3 Rh3+ 70. Kc2
Rh4 71. Kc3 Rc4+ 72. Kd3 Rb4 73. Rb7 Bd6 74. Rb6 Rb2 75. Kc3 Be5+ 76. Kd3 Bc7
77. Rc6 Ba5 78. Rg6 Kc5 79. Rg5+ Kb6 80. Kc4 Rb4+ 81. Kd3 Rh4 82. Rf5 Bb4 83.
Re5 Rh8 84. Kc4 Bd6 85. Re6 Rh4+ 86. Kd5 Kc7 87. b6+ Kxb6 88. Rxd6+ 1/2-1/2

[Event "SG Niederkassel 1 - SC Rochade Emsdette"]
[Site "NRW-Klasse. Gruppe 1 2017/201"]
[Date "2018.04.29"]
[Round "9.5"]
[White "Paalman, Henk-Jan"]
[Black "Rybarczyk, Klaus"]
[Result "1/2-1/2"]
[WhiteElo "2147"]
[BlackElo "2131"]
[PlyCount "49"]
[EventDate "2018.??.??"]
[WhiteTeam "SC Rochade Emsdetten 1"]
[BlackTeam "SG Niederkassel 1"]

1. d4 Nf6 2. c4 g6 3. Nc3 Bg7 4. e4 d6 5. Be2 O-O 6. Nf3 e5 7. O-O Nc6 8. d5
Ne7 9. Ne1 Nd7 10. Nd3 f5 11. f3 Kh8 12. Bd2 Ng8 13. Rc1 Bh6 14. f4 Bg7 15. b3
Qe7 16. Qc2 exf4 17. Nxf4 Nc5 18. Bd3 fxe4 19. Bxe4 Nxe4 20. Qxe4 Be5 21. Rce1
Qg7 22. Qc2 Bf5 23. Qc1 Rae8 24. Nce2 h6 25. Bc3 1/2-1/2

[Event "SG Niederkassel 1 - SC Rochade Emsdette"]
[Site "NRW-Klasse. Gruppe 1 2017/201"]
[Date "2018.04.29"]
[Round "9.6"]
[White "Guelsen, Taylan"]
[Black "Mueller, Achim"]
[Result "1/2-1/2"]
[WhiteElo "2122"]
[BlackElo "2026"]
[Annotator "Daniel"]
[PlyCount "59"]
[EventDate "2018.??.??"]
[WhiteTeam "SG Niederkassel 1"]
[BlackTeam "SC Rochade Emsdetten 1"]

1. d4 f5 2. c4 Nf6 3. Nf3 g6 4. g3 Bg7 5. Bg2 O-O 6. O-O d6 7. b4 a5 8. b5 c5
9. e3 Qc7 10. Na3 Ne4 11. Bb2 Nd7 12. Nd2 Ndf6 13. d5 e5 14. f3 Nxd2 15. Qxd2
b6 16. Rae1 Bd7 17. Nb1 Rae8 18. Nc3 h6 19. e4 fxe4 20. Nxe4 Nxe4 21. fxe4
Rxf1+ $11 22. Rxf1 Rf8 23. Rxf8+ Bxf8 24. Qf2 Bc8 25. Qf6 g5 26. Qg6+ Qg7 27.
Qe8 Qd7 28. Qg6+ Qg7 29. Qe8 Qd7 30. Qg6+ 1/2-1/2

[Event "SG Niederkassel 1 - SC Rochade Emsdette"]
[Site "NRW-Klasse. Gruppe 1 2017/201"]
[Date "2018.04.29"]
[Round "9.7"]
[White "Lemli, Thomas"]
[Black "Broehl, Stephan"]
[Result "1/2-1/2"]
[WhiteElo "1979"]
[BlackElo "2088"]
[PlyCount "89"]
[EventDate "2018.??.??"]
[WhiteTeam "SC Rochade Emsdetten 1"]
[BlackTeam "SG Niederkassel 1"]

1. d4 d5 2. Bf4 Nf6 3. e3 c5 4. c3 Nc6 5. Nd2 Bf5 6. Qb3 Qd7 7. Ngf3 c4 8. Qd1
e6 9. Be2 h6 10. O-O Be7 11. a4 O-O 12. b3 cxb3 13. Qxb3 a6 14. c4 Na5 15. Qb2
Nc6 16. Rfc1 Rfc8 17. h3 Ne4 18. Nxe4 Bxe4 19. Nd2 Bg6 20. cxd5 exd5 21. Bg4 f5
22. Be2 Bf7 23. a5 Nd8 24. Nb3 Rxc1+ 25. Rxc1 Rc8 26. Nc5 Bxc5 27. Rxc5 Rxc5
28. dxc5 Nc6 29. Be5 Be6 30. Bc3 Qc7 31. Bf3 Nxa5 32. Bxa5 Qxa5 33. Qxb7 Qxc5
34. Qxa6 Bf7 35. Qa1 Qc4 36. Qe5 g6 37. g3 h5 38. h4 Qc6 39. Kg2 Kh7 40. Qd4
Qe6 41. Qf4 Kg7 42. Qd4+ Kh7 43. Kh2 Kg8 44. Kg2 Kh7 45. Qf4 1/2-1/2

[Event "SG Niederkassel 1 - SC Rochade Emsdette"]
[Site "NRW-Klasse. Gruppe 1 2017/201"]
[Date "2018.04.29"]
[Round "9.8"]
[White "Kaeser, Udo"]
[Black "Lehmann, Mona"]
[Result "1/2-1/2"]
[WhiteElo "2259"]
[BlackElo "1910"]
[PlyCount "120"]
[EventDate "2018.??.??"]
[WhiteTeam "SG Niederkassel 1"]
[BlackTeam "SC Rochade Emsdetten 1"]

1. e4 c5 2. Nf3 Nc6 3. c3 d5 4. exd5 Qxd5 5. d4 Bg4 6. Be2 cxd4 7. cxd4 e6 8.
Nc3 Qa5 9. h3 Bh5 10. O-O Nf6 11. Be3 Be7 12. a3 Qd8 13. Qb3 Rb8 14. Rfd1 Nd5
15. g4 Bg6 16. Nxd5 Qxd5 17. Qxd5 exd5 18. Ne5 f6 19. Nxc6 bxc6 20. b4 Bc2 21.
Re1 Kd7 22. Rac1 Ba4 23. Bd3 g6 24. h4 Rhg8 25. Bf4 Rbe8 26. b5 Bd6 27. Rxe8
Rxe8 28. bxc6+ Bxc6 29. Bxd6 Kxd6 30. g5 fxg5 31. hxg5 Rf8 32. Rc3 Rf4 33. Be2
Rxd4 34. Rh3 Re4 35. Kf1 Re7 36. f4 Bd7 37. Rh4 Bf5 38. Kf2 d4 39. Rh1 Rc7 40.
Rd1 Kd5 41. Bf3+ Be4 42. Re1 Rc2+ 43. Kg3 Bxf3 44. Kxf3 Rc3+ 45. Kg4 Rxa3 46.
Re7 a6 47. Rxh7 Re3 48. f5 Re4+ 49. Kf3 gxf5 50. Rf7 Ke6 51. Rf6+ Ke5 52. Rxa6
Rf4+ 53. Ke2 Rg4 54. g6 f4 55. Rb6 Rg2+ 56. Kf3 Rg3+ 57. Ke2 Kf5 58. Rd6 Ke5
59. Rb6 Rg2+ 60. Kf3 Rg3+ 1/2-1/2

[Event "SF Lieme 1 - SV Sundern 1"]
[Site "NRW-Klasse. Gruppe 1 2017/201"]
[Date "2018.04.29"]
[Round "9.1"]
[White "Stolte, Alexander"]
[Black "Niermann, Tristan"]
[Result "1/2-1/2"]
[WhiteElo "2173"]
[BlackElo "2203"]
[PlyCount "66"]
[EventDate "2018.??.??"]
[WhiteTeam "SV Sundern 1"]
[BlackTeam "SF Lieme 1"]

1. c4 b6 2. Nf3 c5 3. g3 Bb7 4. Bg2 Nf6 5. b3 e6 6. Bb2 Be7 7. O-O O-O 8. Nc3
a6 9. Re1 Qc7 10. d4 cxd4 11. Qxd4 d6 12. e4 Nbd7 13. Rad1 Rfd8 14. Qd2 Rac8
15. Nd4 Qb8 16. Qe2 Bf8 17. f4 e5 18. Nc2 d5 19. cxd5 exf4 20. e5 fxg3 21. exf6
gxh2+ 22. Kh1 Nxf6 23. Nd4 Nxd5 24. Nxd5 Bxd5 25. Nf5 Be6 26. Be5 Qa7 27. Qh5
Rxd1 28. Rxd1 f6 29. Bxh2 Rc5 30. Rd8 Rc1+ 31. Rd1 Rc5 32. Rd8 Rc1+ 33. Rd1 Rc5
1/2-1/2

[Event "SF Lieme 1 - SV Sundern 1"]
[Site "NRW-Klasse. Gruppe 1 2017/201"]
[Date "2018.04.29"]
[Round "9.2"]
[White "Wittke, Rene"]
[Black "Tillmann, Markus"]
[Result "1-0"]
[WhiteElo "2215"]
[BlackElo "2064"]
[PlyCount "79"]
[EventDate "2018.??.??"]
[WhiteTeam "SF Lieme 1"]
[BlackTeam "SV Sundern 1"]

1. d4 Nf6 2. Bf4 d5 3. e3 c5 4. c3 Nc6 5. Nd2 cxd4 6. exd4 Bf5 7. Ngf3 e6 8.
Qb3 Qb6 9. Qxb6 axb6 10. Be2 Be7 11. O-O h6 12. Rfe1 O-O 13. h3 Rfc8 14. Bf1
Ne8 15. g4 Bg6 16. Bh2 Bd6 17. Nh4 Bc2 18. Ng2 Bxh2+ 19. Kxh2 Nd6 20. Ne3 Bg6
21. a4 Na5 22. f3 Rc7 23. Kg3 Rac8 24. Ra3 f5 25. Raa1 Rf8 26. Ng2 fxg4 27.
hxg4 Rf6 28. Nf4 Bf7 29. Nd3 Nac4 30. Nxc4 Nxc4 31. Ne5 Be8 32. Bxc4 dxc4 33.
a5 bxa5 34. Rxa5 Kh7 35. Rea1 Bg6 36. Rc5 Rxc5 37. dxc5 h5 38. Rh1 Be8 39. Nxc4
g5 40. gxh5 {ZÜ} 1-0

[Event "SF Lieme 1 - SV Sundern 1"]
[Site "NRW-Klasse. Gruppe 1 2017/201"]
[Date "2018.04.29"]
[Round "9.3"]
[White "Plass, Heinz"]
[Black "Wolf, Andre"]
[Result "1/2-1/2"]
[WhiteElo "2026"]
[BlackElo "2160"]
[PlyCount "45"]
[EventDate "2018.??.??"]
[WhiteTeam "SV Sundern 1"]
[BlackTeam "SF Lieme 1"]

1. d4 d5 2. c4 e6 3. Nf3 Nf6 4. g3 dxc4 5. Bg2 a6 6. O-O Nc6 7. Ne5 Nxe5 8.
dxe5 Qxd1 9. Rxd1 Nd7 10. f4 Bc5+ 11. Kf1 Rb8 12. a4 f6 13. exf6 Nxf6 14. Na3
Ke7 15. Nxc4 Rd8 16. Bd2 Nd5 17. e4 Nb4 18. Bc3 Rxd1+ 19. Rxd1 Bd7 20. b3 b5
21. Ne5 Be8 22. a5 Nc2 23. Rc1 1/2-1/2

[Event "SF Lieme 1 - SV Sundern 1"]
[Site "NRW-Klasse. Gruppe 1 2017/201"]
[Date "2018.04.29"]
[Round "9.4"]
[White "Himpenmacher, Andy"]
[Black "Schulte, Josef"]
[Result "1/2-1/2"]
[WhiteElo "2163"]
[BlackElo "1939"]
[PlyCount "117"]
[EventDate "2018.??.??"]
[WhiteTeam "SF Lieme 1"]
[BlackTeam "SV Sundern 1"]

1. e4 c5 2. Nc3 e6 3. g3 d5 4. exd5 exd5 5. Bg2 Nf6 6. d3 Be7 7. Nge2 O-O 8.
O-O d4 9. Ne4 Nc6 10. Nf4 Bf5 11. h3 Qd7 12. g4 Bg6 13. Ng3 Bd6 14. g5 Bxf4 15.
gxf6 Be5 16. f4 Bd6 17. fxg7 Kxg7 18. f5 Bxg3 19. Qg4 Qd6 20. Be4 Kh8 21. Bh6
Rg8 22. fxg6 fxg6 23. Kg2 Be5 24. Rf7 Ne7 25. Raf1 Nf5 26. Bd2 Rab8 27. Rf3 Qe6
28. Rxb7 Rxb7 29. Bxb7 Qxa2 30. Qe4 Qe6 31. Bd5 Qf6 32. Bxg8 Nh4+ 33. Kf2 Nxf3
34. Qxf3 Kxg8 35. Qxf6 Bxf6 36. Kf3 Kf7 37. Ke4 Ke6 38. Bh6 Be7 39. Bf4 Bd6 40.
Bg5 a6 41. b3 Bf8 42. Bd8 Kd6 43. Bf6 Ke6 44. Bd8 Bg7 45. Bb6 Kd6 46. Bd8 Bf8
47. Bf6 Ke6 48. Bd8 h5 49. Bg5 Bg7 50. Bd8 Bh6 51. Bb6 Kd6 52. Bd8 Bd2 53. Bf6
Ke6 54. Bd8 Kd6 55. Bf6 Be1 56. Bg5 Bg3 57. Kf3 Be5 58. Ke4 Bh2 59. Bd2 1/2-1/2

[Event "SF Lieme 1 - SV Sundern 1"]
[Site "NRW-Klasse. Gruppe 1 2017/201"]
[Date "2018.04.29"]
[Round "9.5"]
[White "Kevekordes, Peter"]
[Black "Schaffarczyk, Andre"]
[Result "1/2-1/2"]
[WhiteElo "1863"]
[BlackElo "2090"]
[PlyCount "87"]
[EventDate "2018.??.??"]
[WhiteTeam "SV Sundern 1"]
[BlackTeam "SF Lieme 1"]

1. e4 c5 2. Nf3 e6 3. c4 d6 4. Nc3 Nf6 5. d4 cxd4 6. Nxd4 Be7 7. Be2 a6 8. Be3
Qc7 9. Qd2 Nbd7 10. O-O b6 11. Rac1 Bb7 12. f3 O-O 13. Rfd1 Rfe8 14. Bf1 Rac8
15. Qf2 Qb8 16. Nb3 Ba8 17. Na4 Bd8 18. Kh1 Bc7 19. Nd4 Kh8 20. b4 Rg8 21. c5
dxc5 22. bxc5 Nxc5 23. Nxc5 bxc5 24. Rb1 Bb6 25. Nb3 Qa7 26. Rbc1 a5 27. Bxc5
Bxc5 28. Nxc5 Rgd8 29. Rxd8+ Rxd8 30. Qb2 Qb8 31. Qxb8 Rxb8 32. Na6 Rd8 33. Rc5
a4 34. Rc4 a3 35. Rc3 g5 36. Rxa3 Rd1 37. Kg1 Bc6 38. Rb3 Ba4 39. Rb2 Kg7 40.
Nc5 Bc6 41. Kf2 Ra1 42. Nb3 Rd1 43. Be2 Rd8 44. Nc5 1/2-1/2

[Event "SF Lieme 1 - SV Sundern 1"]
[Site "NRW-Klasse. Gruppe 1 2017/201"]
[Date "2018.04.29"]
[Round "9.6"]
[White "Stork, Holger"]
[Black "Schober, Ralf"]
[Result "1/2-1/2"]
[WhiteElo "2095"]
[BlackElo "2020"]
[PlyCount "49"]
[EventDate "2018.??.??"]
[WhiteTeam "SF Lieme 1"]
[BlackTeam "SV Sundern 1"]

1. e4 d6 2. d4 Nf6 3. Nc3 e5 4. Nge2 exd4 5. Nxd4 Be7 6. g3 O-O 7. Bg2 Nc6 8.
O-O Bd7 9. b3 Nxd4 10. Qxd4 Bc6 11. Bb2 Nd7 12. Nd5 Bf6 13. Nxf6+ Qxf6 14. c4
Qxd4 15. Bxd4 Rfe8 16. Rfe1 b6 17. Rad1 a5 18. f3 f6 19. Bh3 Kf7 20. Kf2 Re7
21. Bxd7 Bxd7 22. g4 Be6 23. Rc1 Ree8 24. Be3 Rh8 25. h3 1/2-1/2

[Event "SF Lieme 1 - SV Sundern 1"]
[Site "NRW-Klasse. Gruppe 1 2017/201"]
[Date "2018.04.29"]
[Round "9.7"]
[White "Ibraimi, Sefket"]
[Black "Schulte, Oliver"]
[Result "0-1"]
[WhiteElo "1470"]
[BlackElo "2042"]
[PlyCount "118"]
[EventDate "2018.??.??"]
[WhiteTeam "SV Sundern 1"]
[BlackTeam "SF Lieme 1"]

1. d4 Nf6 2. Nf3 e6 3. Bg5 h6 4. Bh4 g5 5. Bg3 d6 6. h3 Ne4 7. Qd3 Nxg3 8. fxg3
Bg7 9. Nc3 b6 10. g4 Bb7 11. e4 Nc6 12. Be2 Qe7 13. a3 O-O-O 14. O-O-O Kb8 15.
Rhe1 Na5 16. d5 c5 17. dxc6 Nxc6 18. Rd2 Ne5 19. Qb5 Rc8 20. Qb4 Rhd8 21. Red1
Nc6 22. Qb3 Na5 23. Qb4 Bxc3 24. bxc3 Rc5 25. Bd3 Qc7 26. Nd4 a6 27. Ne2 Nc6
28. Qb2 Ne5 29. a4 Ra5 30. Qb3 Bc6 31. c4 Bxa4 32. Qb2 Ka7 33. Nc3 Rc8 34. Rf1
Be8 35. Be2 b5 36. c5 Qxc5 37. Nb1 b4 38. Qd4 Ba4 39. Bd1 Qxd4 40. Rxd4 Bxc2
41. Kb2 Nd3+ 42. Rxd3 Bxd3 43. Rxf7+ Kb6 44. Nd2 Re5 45. Bb3 Bxe4 46. Nc4+ Rxc4
47. Bxc4 Bxg2 48. Rf6 d5 49. Bd3 Kc5 50. Rxh6 a5 51. h4 gxh4 52. Rxh4 a4 53.
Rh2 Bf3 54. Rh4 Re3 55. Bg6 a3+ 56. Ka2 d4 57. Rh8 Bd5+ 58. Ka1 Re1+ 59. Bb1 a2
0-1

[Event "SF Lieme 1 - SV Sundern 1"]
[Site "NRW-Klasse. Gruppe 1 2017/201"]
[Date "2018.04.29"]
[Round "9.8"]
[White "Karsunke, Marvin"]
[Black "Wagner, Matthias"]
[Result "1-0"]
[WhiteElo "1839"]
[BlackElo "1511"]
[PlyCount "51"]
[EventDate "2018.??.??"]
[WhiteTeam "SF Lieme 1"]
[BlackTeam "SV Sundern 1"]

1. Nf3 d5 2. d4 Nf6 3. g3 e6 4. Bg2 Nbd7 5. c4 Bb4+ 6. Bd2 Qe7 7. a3 Bxd2+ 8.
Nbxd2 O-O 9. O-O c5 10. Qc2 cxd4 11. Nxd4 Qc5 12. e3 dxc4 13. Qxc4 Qxc4 14.
Nxc4 Rb8 15. Rfd1 b5 16. Na5 Rb6 17. Ndc6 a6 18. Rac1 Re8 19. Na7 Rb8 20. N5c6
Rb7 21. Nxc8 Nb8 22. N6e7+ Rbxe7 23. Nxe7+ Rxe7 24. Rd8+ Re8 25. Rxe8+ Nxe8 26.
Rc8 1-0